<?xml version="1.0" encoding="UTF-8"?>
<record
    xmlns:xsi="http://www.w3.org/2001/XMLSchema-instance"
    xsi:schemaLocation="http://www.loc.gov/MARC21/slim http://www.loc.gov/standards/marcxml/schema/MARC21slim.xsd"
    xmlns="http://www.loc.gov/MARC21/slim">

  <leader>03108cam a22003135a 4500</leader>
  <controlfield tag="001">ocn798093258</controlfield>
  <controlfield tag="003">OSt</controlfield>
  <controlfield tag="005">20201124143028.0</controlfield>
  <controlfield tag="008">120703t2012    enka   frb    001 0 eng d</controlfield>
  <datafield tag="020" ind1=" " ind2=" ">
    <subfield code="z">9781849731959</subfield>
  </datafield>
  <datafield tag="040" ind1=" " ind2=" ">
    <subfield code="a">UKRSC</subfield>
    <subfield code="b">eng</subfield>
    <subfield code="c">UKRSC</subfield>
    <subfield code="d">OCLCO</subfield>
    <subfield code="d">UIU</subfield>
    <subfield code="d">COO</subfield>
    <subfield code="d">OCLCQ</subfield>
    <subfield code="d">YDXCP</subfield>
    <subfield code="d">MYG</subfield>
    <subfield code="d">EG-ScBUE</subfield>
  </datafield>
  <datafield tag="082" ind1="0" ind2="4">
    <subfield code="a">665.81</subfield>
    <subfield code="2">22</subfield>
    <subfield code="b">PAG</subfield>
  </datafield>
  <datafield tag="100" ind1="1" ind2=" ">
    <subfield code="a">Pagliaro, Mario,</subfield>
    <subfield code="d">1969-</subfield>
  </datafield>
  <datafield tag="245" ind1="1" ind2="0">
    <subfield code="a">Solar hydrogen :</subfield>
    <subfield code="b">fuel of the future /</subfield>
    <subfield code="c">Mario Pagliaro, Athanasios G. Konstandopoulos.</subfield>
  </datafield>
  <datafield tag="260" ind1=" " ind2=" ">
    <subfield code="a">Cambridge :</subfield>
    <subfield code="b">Royal Society of Chemistry,</subfield>
    <subfield code="c">c.2012.</subfield>
  </datafield>
  <datafield tag="300" ind1=" " ind2=" ">
    <subfield code="a">xix,164 p. :</subfield>
    <subfield code="b">ill. ;</subfield>
    <subfield code="c">24 cm.</subfield>
  </datafield>
  <datafield tag="500" ind1=" " ind2=" ">
    <subfield code="a">Title from HTML header (viewed April 17, 2013).</subfield>
  </datafield>
  <datafield tag="500" ind1=" " ind2=" ">
    <subfield code="a">Index : p. 155-164.</subfield>
  </datafield>
  <datafield tag="504" ind1=" " ind2=" ">
    <subfield code="a">Includes bibliographical references.</subfield>
  </datafield>
  <datafield tag="520" ind1=" " ind2=" ">
    <subfield code="a">"Renewable hydrogen produced using solar energy to split water is the energy fuel of the future. Accelerated innovation in both major domains of solar energy (photovoltaics and concentrated solar power) has resulted in the rapid fall of the solar electricity price, opening the route to a number of practical applications using solar H2. New thermochemical water splitting using concentrated solar power (CSP) as well as CSP coupled to electrolysis has the potential to convert and store solar energy into clean hydrogen using a tiny fraction of the world's desert area to meet our present and future global energy needs. Photovoltaics, in turn, has the versatility required for supporting the creation of a distributed energy generation infrastructure in developing countries especially now that the price of PV solar electricity has fallen to unprecedented low levels. In all these cases, solar H2 will be used to store energy and release it on demand either for fuel cells (to power homes and boats) or internal combustion engines and turbines (for powering cars, trucks and in thermoelectric power units). This book on solar hydrogen is unique in its field and is a timely treatment of a hot topic in industry, academic, political and environmental circles. With reference to many examples as well as to new technologies, this accessible book provides insight into a crucial technology for our common future and numerous colour pictures contribute to the book's readability. Written by experts in the field who are engaged at the forefront of research, the book supplies readers with last minute insight from the frontiers of research. The book will be of interest to Politicians, solar PV companies, hydrogen and sustainability researchers, environmentalists, managers in the automotive and nautical industries, undergraduate and graduate students in physics, chemistry, energy and materials science."--</subfield>
  </datafield>
  <datafield tag="650" ind1=" " ind2="7">
    <subfield code="a">Hydrogen as fuel.</subfield>
    <subfield code="2">BUEsh</subfield>
    <subfield code="9">3598</subfield>
  </datafield>
  <datafield tag="650" ind1=" " ind2="7">
    <subfield code="a">Thermochemistry.</subfield>
    <subfield code="2">BUEsh</subfield>
    <subfield code="9">37873</subfield>
  </datafield>
  <datafield tag="650" ind1=" " ind2="7">
    <subfield code="a">Solar energy.</subfield>
    <subfield code="2">BUEsh</subfield>
    <subfield code="9">5597</subfield>
  </datafield>
  <datafield tag="653" ind1=" " ind2=" ">
    <subfield code="b">GGEN</subfield>
    <subfield code="c">November2016</subfield>
  </datafield>
  <datafield tag="700" ind1="1" ind2=" ">
    <subfield code="a">Konstandopoulos, Athanasios G.</subfield>
  </datafield>
  <datafield tag="710" ind1="2" ind2=" ">
    <subfield code="a">Royal Society of Chemistry (Great Britain)</subfield>
    <subfield code="9">32645</subfield>
  </datafield>
  <datafield tag="776" ind1="0" ind2="8">
    <subfield code="i">Print version:</subfield>
    <subfield code="a">Pagliaro, Mario, 1969-</subfield>
    <subfield code="t">Solar hydrogen.</subfield>
    <subfield code="d">Cambridge : Royal Society of Chemistry, 2012</subfield>
    <subfield code="z">9781849731959</subfield>
    <subfield code="w">(OCoLC)795182383</subfield>
  </datafield>
  <datafield tag="942" ind1=" " ind2=" ">
    <subfield code="2">ddc</subfield>
  </datafield>
  <datafield tag="999" ind1=" " ind2=" ">
    <subfield code="c">23046</subfield>
    <subfield code="d">23018</subfield>
  </datafield>
  <datafield tag="952" ind1=" " ind2=" ">
    <subfield code="0">0</subfield>
    <subfield code="1">0</subfield>
    <subfield code="2">ddc</subfield>
    <subfield code="4">0</subfield>
    <subfield code="7">0</subfield>
    <subfield code="8">Baccah</subfield>
    <subfield code="a">MAIN</subfield>
    <subfield code="b">MAIN</subfield>
    <subfield code="c">1ST</subfield>
    <subfield code="d">2016-11-07</subfield>
    <subfield code="e">Purchase</subfield>
    <subfield code="g">1100.00</subfield>
    <subfield code="l">0</subfield>
    <subfield code="o">665.81 PAG</subfield>
    <subfield code="p">000033013</subfield>
    <subfield code="r">2025-07-15 00:00:00</subfield>
    <subfield code="y">BB</subfield>
  </datafield>
  <datafield tag="952" ind1=" " ind2=" ">
    <subfield code="0">0</subfield>
    <subfield code="1">0</subfield>
    <subfield code="2">ddc</subfield>
    <subfield code="4">0</subfield>
    <subfield code="7">0</subfield>
    <subfield code="8">Baccah</subfield>
    <subfield code="a">MAIN</subfield>
    <subfield code="b">MAIN</subfield>
    <subfield code="c">1ST</subfield>
    <subfield code="d">2016-11-07</subfield>
    <subfield code="e">Purchase</subfield>
    <subfield code="g">1100.00</subfield>
    <subfield code="l">0</subfield>
    <subfield code="o">665.81 PAG</subfield>
    <subfield code="p">000034689</subfield>
    <subfield code="r">2025-07-15 00:00:00</subfield>
    <subfield code="y">BB</subfield>
  </datafield>
  <datafield tag="952" ind1=" " ind2=" ">
    <subfield code="0">0</subfield>
    <subfield code="1">0</subfield>
    <subfield code="2">ddc</subfield>
    <subfield code="4">0</subfield>
    <subfield code="7">0</subfield>
    <subfield code="8">Baccah</subfield>
    <subfield code="a">MAIN</subfield>
    <subfield code="b">MAIN</subfield>
    <subfield code="c">1ST</subfield>
    <subfield code="d">2016-11-07</subfield>
    <subfield code="e">Purchase</subfield>
    <subfield code="g">1100.00</subfield>
    <subfield code="l">0</subfield>
    <subfield code="o">665.81 PAG</subfield>
    <subfield code="p">000034690</subfield>
    <subfield code="r">2025-07-15 00:00:00</subfield>
    <subfield code="y">BB</subfield>
  </datafield>
</record>
